00989nam a2200301 a 45000010005000000030006000050050017000110080041000280100017000690200024000860200018001100350021001280400021001490420020001700500024001900820012002141000022002262450051002482600035002993000059003345000049003935050006004425200152004485210019006005210019006196500019006386500030006573697FISKH20250709095757.0940927s1994 nyua j 000 1 eng d a 94233657  a0590484192 (pbk.) : a9780545215800 a(OCoLC)31184938  aUMcUMdDLCbeng alccopycatalcac00aPZ7.B7633bClf 199404a[E]2201 aBridwell, Norman.10aClifford the firehouse dog /cNorman Bridwell. aNew York :bScholastic,c1994. a32 unnumbered pages : bColor illustrations ; c21 cm  aIn logo on cover: Clifford, the big red dog. aJ aWhen Emily Elizabeth and Clifford visit Clifford's brother, Nero, a fire rescue dog, Clifford demonstrates fire safety and helps to put out a fire.8 a470 bLexile 8 aJ bRaz-Plus  1aDogsxFiction. 1aFire extinctionxFiction.